La muchacha de las bragas de oro
Sparad:
| Huvudupphovsman: | |
|---|---|
| Materialtyp: | Bok |
| Språk: | spanska |
| Publicerad: |
Barcelona
Planeta
1981
|
| Serie: | Colección Popular, 86
|
| Ämnen: | |
| Taggar: |
Lägg till en tagg
Inga taggar, Lägg till första taggen!
|
MARC
| LEADER | 00000nam a2200000 a 4500 | ||
|---|---|---|---|
| 001 | UCQ6081 | ||
| 003 | CL-VaPUC | ||
| 008 | 981009e19810000SP |||||||||||||||||spa|d | ||
| 082 | 0 | 4 | |a 863 |b MAR |2 21 |
| 100 | |a Marsé, Juan |e autor |9 453927 | ||
| 245 | 1 | 3 | |a La muchacha de las bragas de oro |
| 300 | |a 200 p | ||
| 942 | |c BK | ||
| 945 | |d 19981009 00:00:00 |a lriquelm | ||
| 260 | |a Barcelona |b Planeta |c 1981 | ||
| 650 | 0 | |a Literatura española |9 306261 | |
| 650 | 0 | |a Novelas españolas |9 265052 | |
| 583 | |a last modification |c 19981009 00:00:00 |k Rodrigo Vera | ||
| 490 | 0 | |a Colección Popular, 86 | |
| 999 | |c 276084 |d 276082 | ||
| 952 | |0 0 |1 0 |4 0 |6 863_000000000000000_MAR_1981 |7 0 |8 A |9 313213 |a FDOPOS |b FDOPOS |d 2019-11-20 |i 1478869 |o 863 MAR 1981 |p 1478869 |r 2025-01-22 |w 2019-11-20 |y BK |k MLH | ||